[Event "Werfen op-B"]
[Site "Werfen"]
[Date "1995.??.??"]
[Round "7"]
[White "Ljubic, Franjo Sr"]
[Black "Brachtl, Thomas"]
[Result "0-1"]
[WhiteElo "1680"]
[BlackElo "1790"]
[PlyCount "54"]
[EventDate "1995.08.??"]
[EventType "swiss"]
[EventRounds "16"]
[EventCountry "AUT"]
[SourceTitle "EXT 2000"]
[Source "ChessBase"]
[SourceDate "1999.11.16"]
[SourceVersion "1"]
[SourceVersionDate "1999.11.16"]
[SourceQuality "1"]

1. d4 Nf6 2. c4 e6 3. Nc3 Bb4 4. e3 c5 5. a3 cxd4 6. axb4 dxc3 7. bxc3 0-0 8. g3 Nc6 9. Bg2 Qc7 10. c5 Rd8 11. Qd6 Qxd6 12. cxd6 Ne8 13. Nf3 Nxd6 14. 0-0 Ne4 15. Bb2 d5 16. Rfd1 Bd7 17. Nd4 Nd6 18. Bf1 Nxd4 19. Rxd4 Bb5 20. Bxb5 Nxb5 21. Rd2 Rdc8 22. Rc1 Rc4 23. Kf1 Rac8 24. Rdc2 d4 25. exd4 Nxd4 26. Ke1 Nxc2+ 27. Rxc2 Rxb4 0-1